00543nam a2200181Ia 4500003000400000005001700004008004100021040001800062041000800080082002500088100001900113245007600132250001200208260004300220300002500263650004300288650003000331OSt20250203102831.0210716s9999 xx 000 0 und d cAIMIT LIBRARY aeng a006.620288 21bNORP aNorton, Peter. aBest of the peter Norton chronicles : bPC magazine /cBy Peter Norton. a1st ed. aNew Delhi :bBPB Publications ,c1987. a127p. ;bHBc25.5 cm aSupport and control in flabby programs aNotes from tn the mailbag